[Event "Staufer op 18th"]
[Site "Schwaebisch Gmuend"]
[Date "2006.01.02"]
[Round "1"]
[White "Spoelman, Wouter"]
[Black "Paraskevaidis, Ioannis"]
[Result "1-0"]
[WhiteElo "2376"]
[BlackElo "1958"]
[PlyCount "53"]
[EventDate "2006.01.02"]
[EventType "swiss"]
[EventRounds "9"]
[EventCountry "GER"]
[SourceTitle "EXT 2007"]
[Source "ChessBase"]
[SourceDate "2006.11.23"]
[SourceVersion "1"]
[SourceVersionDate "2006.11.23"]
[SourceQuality "1"]

1. e4 e6 2. d4 d5 3. Nc3 Bb4 4. e5 c5 5. a3 Ba5 6. b4 cxd4 7. Nb5 Bc7 8. f4 Ne7 9. Nf3 Nbc6 10. Bd3 a6 11. Nxc7+ Qxc7 12. 0-0 b5 13. Bb2 Nf5 14. Bxf5 exf5 15. Bxd4 Nxd4 16. Nxd4 0-0 17. Nb3 Be6 18. Nc5 Rfd8 19. Qd4 Qa7 20. a4 bxa4 21. Rxa4 Bd7 22. Rxa6 Qc7 23. Rxa8 Rxa8 24. Qxd5 Rd8 25. Rd1 Qb6 26. Qd6 Qa7 27. Qe7 1-0